[Event "DEM U8 2025"]
[Site "Willingen GER"]
[Date "2025.06.12"]
[Round "3"]
[White "Ju, Eric Zirui"]
[Black "Zhu, Elias"]
[Result "1-0"]
[Termination "normal"]
[Board "1"]
[WhiteElo "1563"]
[BlackElo "1311"]
[WhiteClock "00:20:45"]
[BlackClock "00:18:55"]
[PlyCount "111"]
[WhiteFideId "533011192"]
[BlackFideId "34695311"]
[EventCountry "GER"]
[EventRounds "7"]
[EventType "swiss"]
[EventDate "2025.06.10"]

1. e4 {[%clk 01:00:25]} {[%emt 00:00:05]} e6 {[%clk 01:00:27]} {[%emt
00:00:03]} 2. d4 {[%clk 01:00:34]} {[%emt 00:00:07]} d5 {[%clk 01:00:38]}
{[%emt 00:00:03]} 3. Nd2 {[%clk 01:00:40]} {[%emt 00:00:09]} dxe4 {[%clk
01:00:47]} {[%emt 00:00:06]} 4. Nxe4 {[%clk 01:00:48]} {[%emt 00:00:07]} Bd7
{[%clk 01:00:59]} {[%emt 00:00:03]} 5. Nf3 {[%clk 01:00:42]} {[%emt 00:00:21]}
Bc6 {[%clk 01:01:04]} {[%emt 00:00:10]} 6. Bd3 {[%clk 01:00:23]} {[%emt
00:00:33]} Nd7 {[%clk 01:01:14]} {[%emt 00:00:06]} 7. O-O {[%clk 01:00:15]}
{[%emt 00:00:22]} Ngf6 {[%clk 01:01:25]} {[%emt 00:00:05]} 8. Re1 {[%clk
01:00:01]} {[%emt 00:00:29]} Nxe4 {[%clk 01:01:34]} {[%emt 00:00:07]} 9. Bxe4
{[%clk 01:00:11]} {[%emt 00:00:04]} Bxe4 {[%clk 01:01:45]} {[%emt 00:00:04]}
10. Rxe4 {[%clk 01:00:17]} {[%emt 00:00:10]} Be7 {[%clk 01:01:39]} {[%emt
00:00:20]} 11. Bf4 {[%clk 00:59:03]} {[%emt 00:01:28]} c6 {[%clk 01:01:30]}
{[%emt 00:00:25]} 12. Ne5 {[%emt 00:01:09]} Nxe5 {[%emt 00:01:39]} 13. Bxe5
{[%clk 00:55:32]} {[%emt 00:00:58]} Bf6 {[%clk 01:00:45]} {[%emt 00:01:00]} 14.
Qd3 {[%clk 00:51:45]} {[%emt 00:04:02]} Bxe5 {[%clk 00:59:59]} {[%emt
00:01:01]} 15. Rxe5 {[%clk 00:51:39]} {[%emt 00:00:21]} O-O {[%clk 00:59:58]}
{[%emt 00:00:17]} 16. h3 {[%clk 00:50:56]} {[%emt 00:00:58]} Qb6 {[%clk
00:59:55]} {[%emt 00:00:16]} 17. Ree1 {[%clk 00:49:50]} {[%emt 00:01:22]} Rfd8
{[%clk 00:59:46]} {[%emt 00:00:23]} 18. c3 {[%clk 00:48:58]} {[%emt 00:01:08]}
Qc7 {[%clk 00:58:09]} {[%emt 00:01:52]} 19. Qf3 {[%clk 00:48:35]} {[%emt
00:00:39]} Rac8 {[%clk 00:54:45]} {[%emt 00:03:35]} 20. Re4 {[%clk 00:46:15]}
{[%emt 00:02:38]} Qb6 {[%clk 00:52:15]} {[%emt 00:02:25]} 21. b4 {[%clk
00:44:16]} {[%emt 00:02:34]} Rd5 {[%clk 00:51:42]} {[%emt 00:00:37]} 22. Qe3
{[%clk 00:42:56]} {[%emt 00:01:47]} Rcd8 {[%clk 00:48:46]} {[%emt 00:03:11]}
23. a4 {[%clk 00:41:15]} {[%emt 00:01:56]} Qc7 {[%clk 00:46:49]} {[%emt
00:02:11]} 24. Rg4 {[%clk 00:40:09]} {[%emt 00:01:21]} Kh8 {[%clk 00:44:53]}
{[%emt 00:02:10]} 25. Re1 {[%clk 00:39:19]} {[%emt 00:01:06]} Qe7 {[%clk
00:44:32]} {[%emt 00:00:34]} 26. Qf3 {[%clk 00:37:32]} {[%emt 00:02:03]} Rf8
{[%clk 00:42:13]} {[%emt 00:02:33]} 27. c4 {[%clk 00:36:17]} {[%emt 00:01:33]}
Rd6 {[%clk 00:41:51]} {[%emt 00:00:28]} 28. d5 {[%clk 00:34:23]} {[%emt
00:02:17]} cxd5 {[%clk 00:41:29]} {[%emt 00:00:37]} 29. cxd5 {[%clk 00:34:12]}
{[%emt 00:00:27]} e5 {[%clk 00:37:53]} {[%emt 00:03:49]} 30. Qg3 {[%clk
00:30:10]} {[%emt 00:04:19]} f6 {[%clk 00:37:52]} {[%emt 00:00:16]} 31. Qd3
{[%clk 00:28:48]} {[%emt 00:01:36]} Rfd8 {[%clk 00:37:08]} {[%emt 00:00:57]}
32. Rd1 {[%clk 00:27:04]} {[%emt 00:02:01]} Qf7 {[%clk 00:37:00]} {[%emt
00:00:21]} 33. Qc4 {[%clk 00:24:52]} {[%emt 00:02:29]} Rxd5 {[%clk 00:35:59]}
{[%emt 00:01:16]} 34. Rxd5 {[%clk 00:24:47]} {[%emt 00:00:20]} Qxd5 {[%clk
00:36:08]} {[%emt 00:00:06]} 35. Qc7 {[%clk 00:24:47]} {[%emt 00:00:15]} Qd7
{[%clk 00:35:49]} {[%emt 00:00:29]} 36. Qa5 {[%clk 00:24:08]} {[%emt 00:00:59]}
b6 {[%clk 00:34:00]} {[%emt 00:02:03]} 37. Qa6 {[%clk 00:24:03]} {[%emt
00:00:22]} Qc7 {[%clk 00:33:15]} {[%emt 00:00:54]} 38. Rc4 {[%clk 00:23:52]}
{[%emt 00:00:31]} Qd7 {[%clk 00:31:07]} {[%emt 00:02:20]} 39. a5 {[%emt
00:01:40]} bxa5 {[%clk 00:30:38]} {[%emt 00:00:43]} 40. Qxa5 {[%clk 00:22:06]}
{[%emt 00:00:40]} h6 {[%clk 00:30:15]} {[%emt 00:00:34]} 41. Rc7 {[%clk
00:22:03]} {[%emt 00:00:22]} Qd2 {[%clk 00:29:33]} {[%emt 00:00:55]} 42. Qxa7
{[%clk 00:21:42]} {[%emt 00:00:38]} Qxb4 {[%clk 00:25:31]} {[%emt 00:04:15]}
43. Rxg7 {[%clk 00:21:41]} {[%emt 00:00:18]} Qf8 {[%clk 00:24:58]} {[%emt
00:00:43]} 44. Rf7 {[%clk 00:21:20]} {[%emt 00:00:41]} Qg8 {[%clk 00:23:33]}
{[%emt 00:01:37]} 45. Rxf6 {[%clk 00:20:36]} {[%emt 00:01:02]} Qg7 {[%clk
00:22:22]} {[%emt 00:01:24]} 46. Qb6 {[%clk 00:20:22]} {[%emt 00:00:32]} Rf8
{[%clk 00:21:00]} {[%emt 00:01:22]} 47. Rxh6+ {[%clk 00:20:31]} {[%emt
00:00:20]} Kg8 {[%clk 00:20:45]} {[%emt 00:00:29]} 48. Rg6 {[%clk 00:20:36]}
{[%emt 00:00:10]} Qxg6 {[%clk 00:20:49]} {[%emt 00:00:12]} 49. Qxg6+ {[%clk
00:20:38]} {[%emt 00:00:13]} Kh8 {[%clk 00:20:59]} {[%emt 00:00:05]} 50. Qh5+
{[%clk 00:20:36]} {[%emt 00:00:16]} Kg8 {[%clk 00:21:01]} {[%emt 00:00:13]} 51.
Qxe5 {[%clk 00:20:39]} {[%emt 00:00:15]} Kh7 {[%clk 00:21:05]} {[%emt
00:00:08]} 52. h4 {[%clk 00:20:36]} {[%emt 00:00:19]} Kg8 {[%clk 00:20:48]}
{[%emt 00:00:26]} 53. h5 {[%clk 00:20:46]} {[%emt 00:00:11]} Kh7 {[%clk
00:20:47]} {[%emt 00:00:16]} 54. g4 {[%clk 00:20:45]} {[%emt 00:00:16]} Kg8
{[%clk 00:20:42]} {[%emt 00:00:19]} 55. h6 {[%clk 00:20:39]} {[%emt 00:00:23]}
Kh7 {[%clk 00:18:55]} {[%emt 00:02:02]} 56. Qg7# {[%clk 00:20:45]} {[%emt
00:00:09]} 1-0

[Event "DEM U8 2025"]
[Site "Willingen GER"]
[Date "2025.06.12"]
[Round "3"]
[White "Qiu, Caspar"]
[Black "Kovacs, David"]
[Result "1/2-1/2"]
[Termination "normal"]
[Board "2"]
[WhiteElo "1289"]
[BlackElo "1358"]
[WhiteClock "00:20:12"]
[BlackClock "00:32:59"]
[PlyCount "60"]
[WhiteFideId "34697691"]
[BlackFideId "533004005"]
[EventCountry "GER"]
[EventRounds "7"]
[EventType "swiss"]
[EventDate "2025.06.10"]

1. e4 {[%clk 01:00:29]} {[%emt 00:00:01]} e5 {[%clk 01:00:24]} {[%emt
00:00:06]} 2. Nf3 {[%clk 01:00:41]} {[%emt 00:00:03]} Nc6 {[%clk 01:00:32]}
{[%emt 00:00:08]} 3. Bc4 {[%clk 01:00:51]} {[%emt 00:00:04]} Nf6 {[%clk
01:00:41]} {[%emt 00:00:06]} 4. d3 {[%clk 01:01:01]} {[%emt 00:00:06]} Be7
{[%clk 01:00:50]} {[%emt 00:00:06]} 5. O-O {[%clk 01:01:10]} {[%emt 00:00:06]}
O-O {[%clk 01:01:01]} {[%emt 00:00:04]} 6. Be3 {[%clk 01:00:51]} {[%emt
00:00:33]} d6 {[%clk 01:00:27]} {[%emt 00:00:49]} 7. Nc3 {[%clk 01:00:53]}
{[%emt 00:00:14]} Be6 {[%clk 00:59:57]} {[%emt 00:00:45]} 8. Bb3 {[%clk
01:00:32]} {[%emt 00:00:36]} d5 {[%clk 00:59:29]} {[%emt 00:00:43]} 9. exd5
{[%clk 00:59:58]} {[%emt 00:00:48]} Nxd5 {[%clk 00:59:26]} {[%emt 00:00:19]}
10. Nxd5 {[%clk 00:59:46]} {[%emt 00:00:27]} Bxd5 {[%clk 00:59:28]} {[%emt
00:00:13]} 11. Re1 {[%clk 00:58:52]} {[%emt 00:01:08]} Bf6 {[%clk 00:58:29]}
{[%emt 00:01:13]} 12. Rc1 {[%clk 00:56:19]} {[%emt 00:02:49]} Qd7 {[%clk
00:55:52]} {[%emt 00:02:53]} 13. Rb1 {[%clk 00:54:53]} {[%emt 00:01:40]} Rad8
{[%clk 00:53:12]} {[%emt 00:02:54]} 14. Nd2 {[%clk 00:51:34]} {[%emt 00:03:35]}
g6 {[%clk 00:50:38]} {[%emt 00:02:49]} 15. Bxd5 {[%clk 00:47:27]} {[%emt
00:04:23]} Qxd5 {[%clk 00:50:33]} {[%emt 00:00:19]} 16. Nb3 {[%clk 00:47:00]}
{[%emt 00:00:42]} Bg7 {[%clk 00:49:36]} {[%emt 00:01:12]} 17. Qd2 {[%clk
00:45:55]} {[%emt 00:01:20]} e4 {[%clk 00:47:30]} {[%emt 00:02:22]} 18. dxe4
{[%clk 00:43:33]} {[%emt 00:02:36]} Qxe4 {[%clk 00:47:34]} {[%emt 00:00:10]}
19. Qc1 {[%clk 00:40:20]} {[%emt 00:03:30]} Qf5 {[%clk 00:46:43]} {[%emt
00:01:07]} 20. Rd1 {[%clk 00:37:23]} {[%emt 00:03:10]} a6 {[%clk 00:45:30]}
{[%emt 00:01:28]} 21. c3 {[%clk 00:35:20]} {[%emt 00:02:18]} h6 {[%clk
00:41:56]} {[%emt 00:03:49]} 22. Rf1 {[%clk 00:32:44]} {[%emt 00:02:51]} g5
{[%clk 00:41:37]} {[%emt 00:00:35]} 23. Nc5 {[%clk 00:29:54]} {[%emt 00:03:04]}
Rb8 {[%clk 00:39:01]} {[%emt 00:02:51]} 24. Rd1 {[%clk 00:28:26]} {[%emt
00:01:43]} Rfd8 {[%clk 00:37:53]} {[%emt 00:01:23]} 25. Rxd8+ {[%clk 00:27:50]}
{[%emt 00:00:52]} Nxd8 {[%clk 00:37:54]} {[%emt 00:00:13]} 26. Qd1 {[%clk
00:27:06]} {[%emt 00:01:01]} Nc6 {[%clk 00:37:44]} {[%emt 00:00:23]} 27. Rc1
{[%clk 00:26:16]} {[%emt 00:01:05]} a5 {[%clk 00:37:21]} {[%emt 00:00:39]} 28.
Qa4 {[%clk 00:22:48]} {[%emt 00:03:43]} Qg6 {[%clk 00:34:37]} {[%emt 00:02:58]}
29. Qc2 {[%clk 00:21:21]} {[%emt 00:01:43]} Qd6 {[%clk 00:33:35]} {[%emt
00:01:17]} 30. Rd1 {[%clk 00:20:12]} {[%emt 00:01:23]} Qg6 {[%clk 00:32:59]}
{[%emt 00:00:51]} 1/2-1/2

[Event "DEM U8 2025"]
[Site "Willingen GER"]
[Date "2025.06.12"]
[Round "3"]
[White "Derr, Georg"]
[Black "Gerhardt, Noah"]
[Result "1-0"]
[Termination "normal"]
[Board "3"]
[WhiteElo "1586"]
[BlackElo "1205"]
[WhiteClock "00:23:08"]
[BlackClock "00:18:47"]
[PlyCount "159"]
[WhiteFideId "533010501"]
[BlackFideId "34696083"]
[EventCountry "GER"]
[EventRounds "7"]
[EventType "swiss"]
[EventDate "2025.06.10"]

1. e4 {[%clk 01:00:26]} {[%emt 00:00:03]} e5 {[%clk 01:00:27]} {[%emt
00:00:05]} 2. Nf3 {[%clk 01:00:35]} {[%emt 00:00:06]} Nc6 {[%clk 01:00:37]}
{[%emt 00:00:04]} 3. Bc4 {[%clk 01:00:41]} {[%emt 00:00:09]} Bc5 {[%clk
01:00:45]} {[%emt 00:00:08]} 4. c3 {[%clk 01:00:47]} {[%emt 00:00:08]} Nf6
{[%clk 01:00:51]} {[%emt 00:00:09]} 5. d4 {[%clk 01:00:52]} {[%emt 00:00:10]}
exd4 {[%clk 01:01:00]} {[%emt 00:00:07]} 6. b4 {[%clk 01:00:40]} {[%emt
00:00:26]} Bb6 {[%clk 01:01:03]} {[%emt 00:00:13]} 7. e5 {[%clk 01:00:37]}
{[%emt 00:00:18]} Ne4 {[%clk 00:59:46]} {[%emt 00:01:31]} 8. b5 {[%clk
01:00:23]} {[%emt 00:00:28]} Ne7 {[%clk 00:58:34]} {[%emt 00:01:27]} 9. O-O
{[%clk 00:58:54]} {[%emt 00:01:44]} d5 {[%clk 00:57:48]} {[%emt 00:01:01]} 10.
exd6 {[%clk 00:57:39]} {[%emt 00:01:30]} cxd6 {[%clk 00:57:25]} {[%emt
00:00:38]} 11. cxd4 {[%clk 00:40:59]} {[%emt 00:16:57]} d5 {[%clk 00:55:23]}
{[%emt 00:02:16]} 12. Be2 {[%clk 00:39:13]} {[%emt 00:01:57]} h6 {[%clk
00:54:00]} {[%emt 00:01:41]} 13. h3 {[%clk 00:39:10]} {[%emt 00:00:19]} O-O
{[%clk 00:53:35]} {[%emt 00:00:40]} 14. Re1 {[%clk 00:38:30]} {[%emt 00:00:51]}
Ba5 {[%clk 00:52:45]} {[%emt 00:01:09]} 15. Bd2 {[%clk 00:37:57]} {[%emt
00:00:46]} Bxd2 {[%clk 00:50:52]} {[%emt 00:02:10]} 16. Nbxd2 {[%clk 00:38:04]}
{[%emt 00:00:09]} Nc3 {[%clk 00:50:44]} {[%emt 00:00:24]} 17. Qc2 {[%clk
00:37:51]} {[%emt 00:00:22]} Nxe2+ {[%clk 00:50:22]} {[%emt 00:00:41]} 18. Rxe2
{[%clk 00:37:58]} {[%emt 00:00:07]} Bf5 {[%clk 00:50:10]} {[%emt 00:00:28]} 19.
Qb3 {[%clk 00:37:36]} {[%emt 00:00:30]} Rc8 {[%clk 00:45:16]} {[%emt 00:05:16]}
20. Rae1 {[%clk 00:37:29]} {[%emt 00:00:14]} Ng6 {[%clk 00:44:21]} {[%emt
00:01:18]} 21. Ne5 {[%clk 00:36:51]} {[%emt 00:00:44]} Nxe5 {[%clk 00:42:55]}
{[%emt 00:01:50]} 22. Rxe5 {[%clk 00:36:35]} {[%emt 00:00:30]} Be6 {[%clk
00:42:59]} {[%emt 00:00:12]} 23. f4 {[%clk 00:36:19]} {[%emt 00:00:31]} Qf6
{[%clk 00:40:08]} {[%emt 00:03:06]} 24. Rf1 {[%clk 00:34:11]} {[%emt 00:02:21]}
Rcd8 {[%clk 00:36:37]} {[%emt 00:03:48]} 25. f5 {[%clk 00:34:10]} {[%emt
00:00:16]} Bc8 {[%clk 00:34:06]} {[%emt 00:02:47]} 26. Qf3 {[%clk 00:32:43]}
{[%emt 00:01:36]} Rfe8 {[%clk 00:32:32]} {[%emt 00:01:54]} 27. Rfe1 {[%clk
00:32:30]} {[%emt 00:00:24]} Rxe5 {[%clk 00:30:06]} {[%emt 00:02:46]} 28. Rxe5
{[%clk 00:31:34]} {[%emt 00:01:10]} Bxf5 {[%clk 00:24:59]} {[%emt 00:05:23]}
29. Qxf5 {[%clk 00:30:54]} {[%emt 00:00:54]} Qb6 {[%clk 00:24:13]} {[%emt
00:01:02]} 30. Rxd5 {[%clk 00:30:28]} {[%emt 00:00:40]} Re8 {[%clk 00:23:56]}
{[%emt 00:00:33]} 31. Kh2 {[%clk 00:29:25]} {[%emt 00:01:13]} Qc7+ {[%clk
00:23:33]} {[%emt 00:00:43]} 32. Kg1 {[%clk 00:28:46]} {[%emt 00:00:52]} Qc1+
{[%clk 00:20:58]} {[%emt 00:02:51]} 33. Nf1 {[%clk 00:28:55]} {[%emt 00:00:06]}
g6 {[%clk 00:20:23]} {[%emt 00:00:50]} 34. Qf2 {[%clk 00:28:34]} {[%emt
00:00:35]} Qc4 {[%clk 00:19:56]} {[%emt 00:00:43]} 35. Re5 {[%clk 00:28:31]}
{[%emt 00:00:18]} Rd8 {[%clk 00:19:10]} {[%emt 00:01:02]} 36. Rc5 {[%clk
00:27:46]} {[%emt 00:00:58]} Qb4 {[%clk 00:18:39]} {[%emt 00:00:48]} 37. Rc7
{[%clk 00:27:38]} {[%emt 00:00:21]} Rf8 {[%clk 00:18:36]} {[%emt 00:00:19]} 38.
Rxb7 {[%clk 00:27:13]} {[%emt 00:00:40]} Qa5 {[%clk 00:18:40]} {[%emt
00:00:10]} 39. Nh2 {[%emt 00:01:04]} Qa4 {[%clk 00:18:32]} {[%emt 00:00:01]}
40. d5 {[%clk 00:26:45]} {[%emt 00:00:17]} Qd1+ {[%clk 00:18:34]} {[%emt
00:00:13]} 41. Nf1 {[%clk 00:26:38]} {[%emt 00:00:22]} Qxd5 {[%clk 00:18:42]}
{[%emt 00:00:07]} 42. Rxa7 {[%clk 00:26:29]} {[%emt 00:00:24]} Qxb5 {[%clk
00:19:04]} {[%emt 00:00:08]} 43. a4 {[%clk 00:26:49]} {[%emt 00:00:10]} Qc6
{[%clk 00:19:04]} {[%emt 00:00:14]} 44. a5 {[%clk 00:26:50]} {[%emt 00:00:15]}
Qb5 {[%emt 00:00:15]} 45. Kh1 {[%clk 00:26:16]} {[%emt 00:00:46]} Qc4 {[%clk
00:19:08]} {[%emt 00:00:14]} 46. a6 {[%clk 00:26:21]} {[%emt 00:00:11]} Qc8
{[%clk 00:19:18]} {[%emt 00:00:05]} 47. Qe2 {[%clk 00:26:21]} {[%emt 00:00:12]}
Re8 {[%clk 00:19:20]} {[%emt 00:00:16]} 48. Qf3 {[%clk 00:26:19]} {[%emt
00:00:13]} Qe6 {[%clk 00:19:09]} {[%emt 00:00:29]} 49. Qd1 {[%clk 00:25:45]}
{[%emt 00:00:47]} Qb6 {[%clk 00:19:09]} {[%emt 00:00:17]} 50. Qd7 {[%clk
00:25:33]} {[%emt 00:00:23]} Qf2 {[%clk 00:19:01]} {[%emt 00:00:27]} 51. Qxe8+
{[%clk 00:25:31]} {[%emt 00:00:16]} Kg7 {[%clk 00:19:07]} {[%emt 00:00:10]} 52.
Qe5+ {[%clk 00:25:25]} {[%emt 00:00:19]} Kh7 {[%clk 00:19:12]} {[%emt
00:00:13]} 53. Qh8+ {[%emt 00:02:08]} Kxh8 {[%emt 00:00:18]} 54. Ra8+ {[%clk
00:24:31]} {[%emt 00:00:38]} Kg7 {[%clk 00:19:22]} {[%emt 00:00:06]} 55. a7
{[%clk 00:24:20]} {[%emt 00:00:25]} Qb6 {[%clk 00:19:19]} {[%emt 00:00:18]} 56.
Rg8+ {[%clk 00:24:23]} {[%emt 00:00:13]} Kxg8 {[%clk 00:19:10]} {[%emt
00:00:24]} 57. a8=Q+ {[%clk 00:24:25]} {[%emt 00:00:12]} Kg7 {[%clk 00:19:20]}
{[%emt 00:00:06]} 58. Qf3 {[%clk 00:24:29]} {[%emt 00:00:11]} Qb5 {[%clk
00:19:25]} {[%emt 00:00:10]} 59. Ng3 {[%clk 00:24:19]} {[%emt 00:00:24]} Qb1+
{[%clk 00:19:27]} {[%emt 00:00:14]} 60. Kh2 {[%clk 00:24:28]} {[%emt 00:00:06]}
Qb8 {[%clk 00:19:17]} {[%emt 00:00:24]} 61. h4 {[%clk 00:24:17]} {[%emt
00:00:27]} h5 {[%clk 00:19:06]} {[%emt 00:00:26]} 62. Qe4 {[%clk 00:24:02]}
{[%emt 00:00:29]} g5 {[%clk 00:18:47]} {[%emt 00:00:34]} 63. hxg5 {[%clk
00:24:00]} {[%emt 00:00:18]} Kg8 {[%clk 00:18:23]} {[%emt 00:00:39]} 64. Kh3
{[%clk 00:23:56]} {[%emt 00:00:19]} Qc8+ {[%clk 00:18:31]} {[%emt 00:00:07]}
65. Qf5 {[%clk 00:24:05]} {[%emt 00:00:06]} Qxf5+ {[%clk 00:18:25]} {[%emt
00:00:20]} 66. Nxf5 {[%clk 00:24:12]} {[%emt 00:00:08]} Kh7 {[%clk 00:18:37]}
{[%emt 00:00:04]} 67. Kh4 {[%clk 00:24:14]} {[%emt 00:00:13]} Kg6 {[%clk
00:18:45]} {[%emt 00:00:07]} 68. Ng3 {[%clk 00:24:22]} {[%emt 00:00:06]} f5
{[%clk 00:18:47]} {[%emt 00:00:13]} 69. gxf6 {[%clk 00:24:28]} {[%emt
00:00:10]} Kxf6 {[%emt 00:00:09]} 70. Nxh5+ {[%emt 00:00:13]} Kg6 {[%clk
00:18:36]} {[%emt 00:00:04]} 71. g4 {[%clk 00:24:35]} {[%emt 00:00:08]} Kh7
{[%clk 00:18:45]} {[%emt 00:00:06]} 72. Kg5 {[%clk 00:24:42]} {[%emt 00:00:07]}
Kg8 {[%clk 00:18:41]} {[%emt 00:00:20]} 73. Kf6 {[%clk 00:24:00]} {[%emt
00:00:57]} Kh8 {[%clk 00:18:48]} {[%emt 00:00:08]} 74. Kg6 {[%clk 00:22:31]}
{[%emt 00:01:43]} Kg8 {[%clk 00:18:26]} {[%emt 00:00:38]} 75. Kh6 {[%clk
00:22:39]} {[%emt 00:00:06]} Kh8 {[%clk 00:18:30]} {[%emt 00:00:11]} 76. g5
{[%clk 00:22:47]} {[%emt 00:00:07]} Kg8 {[%clk 00:18:25]} {[%emt 00:00:21]} 77.
g6 {[%clk 00:22:54]} {[%emt 00:00:08]} Kh8 {[%clk 00:18:24]} {[%emt 00:00:16]}
78. g7+ {[%clk 00:23:00]} {[%emt 00:00:09]} Kg8 {[%clk 00:18:37]} {[%emt
00:00:02]} 79. Nf6+ {[%clk 00:23:08]} {[%emt 00:00:07]} Kf7 {[%clk 00:18:47]}
{[%emt 00:00:06]} 80. g8=Q+ {[%emt 00:00:10]} Kxf6 {[%emt 00:00:07]} 81. Qe8
{[%clk 00:22:53]} {[%emt 00:00:12]} Kf5 {[%clk 00:18:56]} {[%emt 00:00:07]} 82.
Kh5 {[%clk 00:22:51]} {[%emt 00:00:16]} Kf4 {[%clk 00:19:04]} {[%emt 00:00:07]}
83. Qe6 {[%clk 00:22:59]} {[%emt 00:00:07]} Kf3 {[%clk 00:19:13]} {[%emt
00:00:06]} 84. Qe5 {[%clk 00:22:58]} {[%emt 00:00:16]} Kg2 {[%clk 00:19:24]}
{[%emt 00:00:04]} 85. Qf4 {[%clk 00:22:59]} {[%emt 00:00:13]} Kh1 {[%clk
00:19:23]} {[%emt 00:00:17]} 86. Kh4 {[%clk 00:22:55]} {[%emt 00:00:16]} Kg1
{[%clk 00:19:30]} {[%emt 00:00:10]} 87. Kh3 {[%clk 00:22:59]} {[%emt 00:00:08]}
Kh1 {[%clk 00:19:38]} {[%emt 00:00:10]} 88. Qh2# {[%emt 00:00:08]} 1-0

[Event "DEM U8 2025"]
[Site "Willingen GER"]
[Date "2025.06.12"]
[Round "3"]
[White "Zargaran, Paya"]
[Black "Lassak, Max"]
[Result "1-0"]
[Termination "normal"]
[Board "5"]
[WhiteElo "1519"]
[BlackElo "1025"]
[WhiteClock "00:47:59"]
[BlackClock "00:46:08"]
[PlyCount "93"]
[WhiteFideId "34681736"]
[EventCountry "GER"]
[EventRounds "7"]
[EventType "swiss"]
[EventDate "2025.06.10"]

1. e4 {[%clk 01:00:28]} {[%emt 00:00:02]} e5 {[%clk 01:00:21]} {[%emt
00:00:10]} 2. Nf3 {[%clk 01:00:37]} {[%emt 00:00:05]} Nc6 {[%clk 01:00:24]}
{[%emt 00:00:11]} 3. Nc3 {[%clk 01:00:45]} {[%emt 00:00:08]} Nf6 {[%clk
01:00:19]} {[%emt 00:00:21]} 4. d4 {[%clk 01:00:45]} {[%emt 00:00:15]} exd4
{[%clk 01:00:05]} {[%emt 00:00:28]} 5. Nxd4 {[%clk 01:00:54]} {[%emt 00:00:06]}
Bc5 {[%clk 00:59:38]} {[%emt 00:00:42]} 6. Be3 {[%clk 01:00:58]} {[%emt
00:00:10]} Nxd4 {[%clk 00:59:21]} {[%emt 00:00:33]} 7. Bxd4 {[%clk 01:01:02]}
{[%emt 00:00:12]} Bxd4 {[%clk 00:59:24]} {[%emt 00:00:11]} 8. Qxd4 {[%clk
01:01:08]} {[%emt 00:00:09]} d6 {[%clk 00:58:06]} {[%emt 00:01:33]} 9. O-O-O
{[%clk 01:01:12]} {[%emt 00:00:11]} Be6 {[%clk 00:57:49]} {[%emt 00:00:33]} 10.
e5 {[%clk 01:00:28]} {[%emt 00:00:58]} dxe5 {[%clk 00:57:12]} {[%emt 00:00:52]}
11. Qxe5 {[%clk 00:59:53]} {[%emt 00:00:50]} Qe7 {[%clk 00:56:40]} {[%emt
00:00:47]} 12. Qb5+ {[%clk 00:59:03]} {[%emt 00:00:58]} c6 {[%clk 00:56:31]}
{[%emt 00:00:31]} 13. Qg5 {[%clk 00:58:06]} {[%emt 00:00:59]} O-O {[%clk
00:56:12]} {[%emt 00:00:47]} 14. Ne4 {[%clk 00:57:18]} {[%emt 00:00:54]} Bd5
{[%clk 00:52:58]} {[%emt 00:03:38]} 15. Nxf6+ {[%clk 00:56:11]} {[%emt
00:01:22]} Qxf6 {[%clk 00:52:53]} {[%emt 00:00:20]} 16. Qxf6 {[%clk 00:55:39]}
{[%emt 00:00:46]} gxf6 {[%clk 00:52:52]} {[%emt 00:00:17]} 17. f3 {[%clk
00:55:45]} {[%emt 00:00:09]} Rad8 {[%clk 00:52:46]} {[%emt 00:00:20]} 18. a3
{[%clk 00:55:08]} {[%emt 00:00:53]} Rd6 {[%clk 00:52:49]} {[%emt 00:00:12]} 19.
Bc4 {[%clk 00:54:42]} {[%emt 00:00:26]} Rfd8 {[%clk 00:52:53]} {[%emt
00:00:26]} 20. Bxd5 {[%clk 00:54:43]} {[%emt 00:00:14]} Rxd5 {[%clk 00:52:42]}
{[%emt 00:00:26]} 21. Rxd5 {[%clk 00:54:34]} {[%emt 00:00:24]} Rxd5 {[%clk
00:52:39]} {[%emt 00:00:18]} 22. Rd1 {[%clk 00:54:32]} {[%emt 00:00:14]} Rxd1+
{[%clk 00:52:36]} {[%emt 00:00:22]} 23. Kxd1 {[%clk 00:54:38]} {[%emt
00:00:09]} Kg7 {[%clk 00:52:31]} {[%emt 00:00:19]} 24. Ke2 {[%clk 00:54:37]}
{[%emt 00:00:16]} Kg6 {[%clk 00:52:33]} {[%emt 00:00:13]} 25. Ke3 {[%clk
00:54:34]} {[%emt 00:00:18]} Kf5 {[%clk 00:52:34]} {[%emt 00:00:14]} 26. h4
{[%clk 00:53:43]} {[%emt 00:01:04]} h5 {[%clk 00:51:38]} {[%emt 00:01:13]} 27.
g3 {[%clk 00:53:36]} {[%emt 00:00:21]} b6 {[%clk 00:50:54]} {[%emt 00:01:01]}
28. c4 {[%clk 00:52:50]} {[%emt 00:00:59]} a6 {[%clk 00:50:51]} {[%emt
00:00:19]} 29. Kd4 {[%clk 00:52:34]} {[%emt 00:00:26]} Kg6 {[%clk 00:49:36]}
{[%emt 00:01:35]} 30. a4 {[%clk 00:52:09]} {[%emt 00:00:40]} Kf5 {[%clk
00:49:15]} {[%emt 00:00:36]} 31. b4 {[%clk 00:52:02]} {[%emt 00:00:22]} Ke6
{[%clk 00:48:52]} {[%emt 00:00:38]} 32. Ke4 {[%clk 00:51:13]} {[%emt 00:01:01]}
f5+ {[%clk 00:48:04]} {[%emt 00:01:07]} 33. Kf4 {[%clk 00:49:40]} {[%emt
00:01:43]} b5 {[%clk 00:47:27]} {[%emt 00:00:57]} 34. cxb5 {[%clk 00:48:11]}
{[%emt 00:01:44]} a5 {[%clk 00:46:53]} {[%emt 00:00:48]} 35. bxa5 {[%clk
00:47:54]} {[%emt 00:00:32]} c5 {[%clk 00:46:44]} {[%emt 00:00:24]} 36. a6
{[%clk 00:48:00]} {[%emt 00:00:10]} c4 {[%clk 00:46:47]} {[%emt 00:00:12]} 37.
Ke3 {[%clk 00:47:52]} {[%emt 00:00:15]} c3 {[%clk 00:46:30]} {[%emt 00:00:40]}
38. a7 {[%clk 00:47:53]} {[%emt 00:00:14]} c2 {[%clk 00:46:17]} {[%emt
00:00:27]} 39. Kd2 {[%clk 00:48:01]} {[%emt 00:00:08]} Kd7 {[%clk 00:46:12]}
{[%emt 00:00:20]} 40. a8=Q {[%clk 00:47:57]} {[%emt 00:00:18]} Ke6 {[%clk
00:46:10]} {[%emt 00:00:17]} 41. Qc6+ {[%clk 00:47:53]} {[%emt 00:00:20]} Ke7
{[%clk 00:46:03]} {[%emt 00:00:20]} 42. b6 {[%clk 00:47:55]} {[%emt 00:00:14]}
c1=Q+ {[%emt 00:00:56]} 43. Kxc1 {[%clk 00:47:41]} {[%emt 00:00:21]} f6 {[%clk
00:45:59]} {[%emt 00:00:19]} 44. b7 {[%clk 00:47:45]} {[%emt 00:00:12]} f4
{[%clk 00:46:03]} {[%emt 00:00:10]} 45. b8=Q {[%clk 00:47:40]} {[%emt
00:00:17]} f5 {[%clk 00:46:13]} {[%emt 00:00:25]} 46. Qbb7+ {[%clk 00:47:59]}
{[%emt 00:00:09]} Kf8 {[%clk 00:46:08]} {[%emt 00:00:21]} 47. Qcc8# {[%emt
00:00:15]} 1-0